The handbooks of public relations and communications
| Format: | Book |
|---|---|
| Published: |
United Kingdom :
McGraw-Hill ,
1991
|
| Edition: | 4th edition |
| Subjects: |
MARC
| LEADER | 00000cam a2200000 7i4500 | ||
|---|---|---|---|
| 001 | 0000004373 | ||
| 002 | 000004699 | ||
| 005 | 20000330.0 | ||
| 020 | |a 0077074912 | ||
| 090 | 0 | 0 | |a 659.2 |b HAN |
| 245 | 0 | 4 | |a The handbooks of public relations and communications |c edited by Philip Lesly |
| 250 | |a 4th edition | ||
| 260 | |a United Kingdom : |b McGraw-Hill , |c 1991 | ||
| 300 | |a 874p. ; |c 24cm. | ||
| 650 | 0 | 0 | |a Public relations |
| 999 | |a 032945 |b BUKU |c PINJAMAN |e PERPUSTAKAAN KOMUNITI PETALING JAYA | ||